Game of Thrones 'Simpsonized' Quiz Stats

 Plays Quiz Updated Feb 26, 2015

Challenge
Share
Tweet
Score 0/12 Timer 03:00
21 Plays Today
% Correct
Jon Snow
98.7%
Bran Stark & Hodor
96%
Khal Drogo
94.8%
Joffrey Baratheon
92.6%
Tyrion Lannister
90.8%
Sandor Clegane
90.3%
Daenerys Targaryen
89.2%
Sansa Stark
88.9%
Samwell Tarly
88.2%
Tywin Lannister
87.3%
Catelyn Stark
80.2%
Melisandre
78.2%

You're not logged in!

Compare scores with friends on all Sporcle quizzes.
OR
Log In

You Might Also Like...

Show Comments

Extras

Top Quizzes Today


Score Distribution

Your Account Isn't Verified!

In order to create a playlist on Sporcle, you need to verify the email address you used during registration. Go to your Sporcle Settings to finish the process.

Report this User

Report this user for behavior that violates our Community Guidelines.

Details: